000 00374nam a2200145Ia 4500
008 230917s9999||||xx |||||||||||||| ||und||
040 _e44340
_aMAIN
041 _aEnglish
082 _a294.6 A48F
100 _aAhluwalia, Rajender Singh
245 0 _aFounder of the Khalsa
260 _aChandigarh
_bGuru Gobind Singh Foundation
_c1966
300 _a113 p.
942 _cBK
999 _c226090
_d226090